Ladenie úspešnosti agenta strategickej hry

Gespeichert in:
Bibliographische Detailangaben
1. Verfasser: Štuller, Jakub (Verfasst von)
Weitere Verfasser: Krištofík, Štefan (Betreuung Doktorarbeit)
Format: Manuskript Buch
Sprache:Slowakisch
Veröffentlicht: Bratislava : STU v Bratislave FEI, 2024
Schlagworte:
Online-Zugang:https://opac.crzp.sk/?fn=detailBiblioFormChildKV0C1&sid=DDCD2C6FBCAD481F294EC3B200E4&seo=CRZP-detail-kniha
Tags: Tag hinzufügen
Keine Tags, Fügen Sie das erste Tag hinzu!

MARC

LEADER 00000ntm a22000003a 4500
001 stuzp96914
003 SK-STU
005 20250328120150.9
007 ta
008 150427s2015----xo-----f-mn---000-0-slo-d
040 |a STU  |b slo 
041 0 |a slo 
044 |a xo 
100 1 |a Štuller, Jakub  |u 037000  |4 aut  |U FEI Fakulta elektrotechniky a informatiky  |T FEI Ústav multimediálnych informačných a komunikačných technológií  |X 103153  |U E070  |Y 818  |7 103153 
242 0 1 |a Success rate tuning for a strategic game agent  |y eng 
245 1 0 |a Ladenie úspešnosti agenta strategickej hry 
260 |a Bratislava :  |b STU v Bratislave FEI,  |c 2024 
300 |a 120 s. 
650 4 |a UAlbertaBot  |2 slo 
650 4 |a BWAPI  |2 slo 
650 4 |a StarCraft  |2 slo 
650 4 |a herný agent  |2 slo 
650 4 |a StarCraft  |2 eng 
650 4 |a UAlbertaBot  |2 eng 
650 4 |a BWAPI  |2 eng 
650 4 |a game agent  |2 eng 
700 1 |a Krištofík, Štefan  |u 070400  |k Z8  |4 ths  |U FIIT Fakulta informatiky a informačných technológií  |T FIIT Ústav počítačového inžinierstva a aplikovanej informatiky  |X 24559  |U I400  |Y 672  |7 A000024559 
856 4 |u https://opac.crzp.sk/?fn=detailBiblioFormChildKV0C1&sid=DDCD2C6FBCAD481F294EC3B200E4&seo=CRZP-detail-kniha